000 00561nam a2200181Ia 4500
008 090124s9999 xx 000 0 und d
082 _b130659
100 _aठाकूर योगेंद्र
245 _a एक विचार धगधगता
250 _a1
260 _c2002
300 _a136
600 _aठाकूर योगेंद्र
630 _a एक विचार धगधगता
700 _aठाकूर योगेंद्र
730 _a एक विचार धगधगता
942 _cBOOK
999 _c176748
_d176748